Jahrbuch der weltpolitik / (Record no. 186152)
[ view plain ]
| 000 -LEADER | |
|---|---|
| campo de control de longitud fija | 00666nas a2200205 i 4500 |
| 001 - NÚMERO DE CONTROL | |
| campo de control | 186152 |
| 003 - IDENTIFICADOR DE NÚMERO DE CONTROL | |
| campo de control | ES-MaACL |
| 005 - FECHA Y HORA DE LA ÚLTIMA TRANSACCIÓN | |
| campo de control | 20250217134920.0 |
| 008 - DATOS DE LONGITUD FIJA--INFORMACIÓN GENERAL | |
| campo de control de longitud fija | 160913d19411944gw a| | ||er d |
| 245 00 - MENCIÓN DEL TÍTULO | |
| Título | Jahrbuch der weltpolitik / |
| Mención de responsabilidad, etc. | Deutsches Auslandswissenschaftliches Institut ; herausgegeben von F. A. Six. |
| 260 ## - PUBLICACIÓN, DISTRIBUCIÓN, ETC. | |
| Lugar de publicación, distribución, etc. | Berlin : |
| Nombre del editor, distribuidor, etc. | Junker und Dünnhaupt, |
| Fecha de publicación, distribución, etc. | 1941-1944. |
| 300 ## - DESCRIPCIÓN FÍSICA | |
| Extensión | 2 v, ; |
| Dimensiones | 25 cm. |
| 310 ## - PERIODICIDAD ACTUAL | |
| Periodicidad actual | Anual |
| 650 #4 - PUNTO DE ACCESO ADICIONAL DE MATERIA--TÉRMINO DE MATERIA | |
| Término de materia o nombre geográfico como elemento de entrada | Política mundial. |
| 9 (RLIN) | 16301 |
| 700 1# - ENTRADA AGREGADA--NOMBRE PERSONAL | |
| Nombre de persona | Six, Franz Alfred. |
| 9 (RLIN) | 106729 |
| 710 0# - ENTRADA AGREGADA--NOMBRE DE ENTIDAD CORPORATIVA | |
| Nombre de entidad corporativa o nombre de jurisdicción como elemento de entrada | Deutsches Auslandswissenschaftlickes Institut. |
| 9 (RLIN) | 3385 |
| 852 ## - LOCALIZACIÓN | |
| Ubicación | ES-MaACL |
| Número de control de estantería | E-4605-06 |
| 866 #0 - MENCIÓN TEXTUAL DE FONDOS--UNIDAD BIBLIOGRÁFICA BÁSICA | |
| Fondos | 1943-1944. |
| Estatus retirado | Estado de pérdida | Estado de daño | No para préstamo | Colección | Biblioteca de origen | Biblioteca actual | Ubicación en estantería | Fecha de adquisición | Fuente de adquisición | Total de préstamos | Signatura topográfica completa | Código de barras | Visto por última vez | Precio de reemplazo | Tipo de ítem Koha |
|---|---|---|---|---|---|---|---|---|---|---|---|---|---|---|---|
| Periódicos y Revistas | Biblioteca del Ateneo de Madrid | Biblioteca del Ateneo de Madrid | Depósito 2 | 13/09/2016 | E-4605-06 | 1196259 | 23/02/2023 | 23/02/2023 | Revista |
